000 00385nam a2200145Ia 4500
005 20250729165750.0
008 250729s2015 xx 000 0 und d
041 _aeng
082 _a510 KARM
100 _aKarnataka Government
_9232457
245 _aMathematics - 10th Std
260 _aBangalore
_bKarnataka Text Book Socity
_c2015
300 _a378p
650 _aMathematics
_9232458
999 _c239792
_d239792